MARC details
| 000 -LEADER |
| fixed length control field |
07851cgm a2201297Ia 4500 |
| 001 - CONTROL NUMBER |
| control field |
1518569 |
| 005 - DATE AND TIME OF LATEST TRANSACTION |
| control field |
20190328105407.0 |
| 006 - FIXED-LENGTH DATA ELEMENTS--ADDITIONAL MATERIAL CHARACTERISTICS--GENERAL INFORMATION |
| fixed length control field |
jppnn n |
| 007 - PHYSICAL DESCRIPTION FIXED FIELD--GENERAL INFORMATION |
| fixed length control field |
vd cvaizq |
| 007 - PHYSICAL DESCRIPTION FIXED FIELD--GENERAL INFORMATION |
| fixed length control field |
sd fsngnn|||e| |
| 008 - FIXED-LENGTH DATA ELEMENTS--GENERAL INFORMATION |
| fixed length control field |
100120s2009 nyu117 g vleng d |
| 020 ## - INTERNATIONAL STANDARD BOOK NUMBER |
| International Standard Book Number |
0780659813 |
| Terms of availability |
449 |
| 024 1# - OTHER STANDARD IDENTIFIER |
| Standard number or code |
794043131165 |
| 028 42 - PUBLISHER NUMBER |
| Publisher number |
3000021880 |
| Source |
New Line Home Entertainment |
| 028 42 - PUBLISHER NUMBER |
| Publisher number |
1000091634 |
| Source |
Warner Home Video |
| 035 ## - SYSTEM CONTROL NUMBER |
| System control number |
1506375 |
| 035 ## - SYSTEM CONTROL NUMBER |
| System control number |
(OCoLC)ocn501069654 |
| 035 ## - SYSTEM CONTROL NUMBER |
| System control number |
(OCoLC)501069654 |
| Canceled/invalid control number |
(OCoLC)716238531 |
| 035 ## - SYSTEM CONTROL NUMBER |
| System control number |
1506375 |
| 037 ## - SOURCE OF ACQUISITION |
| Source of stock number/acquisition |
Midwest Tape |
| Note |
http://www.midwesttapes.com |
| 040 ## - CATALOGING SOURCE |
| Original cataloging agency |
MCP |
| Transcribing agency |
MCP |
| Modifying agency |
OCLCA |
| -- |
TEF |
| Description conventions |
rda |
| 041 1# - LANGUAGE CODE |
| Language code of text/sound track or separate title |
eng |
| Language code of original and/or intermediate translations of text |
eng |
| 043 ## - GEOGRAPHIC AREA CODE |
| Geographic area code |
n-us--- |
| -- |
n-us-md |
| 049 ## - LOCAL HOLDINGS (OCLC) |
| Holding library |
MAIN |
| 049 ## - LOCAL HOLDINGS (OCLC) |
| Holding library |
IGAA |
| 050 #4 - LIBRARY OF CONGRESS CALL NUMBER |
| Classification number |
PN1997.2 |
| Item number |
.H357 2009 |
| 082 04 - DEWEY DECIMAL CLASSIFICATION NUMBER |
| Classification number |
791.43/72 |
| Edition number |
22 |
| 092 ## - LOCALLY ASSIGNED DEWEY CALL NUMBER (OCLC) |
| Classification number |
F |
| 999 ## - SYSTEM CONTROL NUMBERS (KOHA) |
| Koha Dewey Subclass [OBSOLETE] |
F |
| 130 0# - MAIN ENTRY--UNIFORM TITLE |
| Uniform title |
Hairspray (Motion picture : 2007) |
| 9 (RLIN) |
56309 |
| 245 10 - TITLE STATEMENT |
| Title |
Hairspray |
| Medium |
[videorecording] / |
| Statement of responsibility, etc |
New Line Cinema presents ; in association with Ingenious Film Partners ; a Zadan/Meron production ; an Adam Shankman film ; produced in association with Offspring Entertainment ; produced by Craig Zadan, Neil Meron ; music by Marc Shaiman ; lyrics by Scott Wittman, Marc Shaiman ; screenplay by Leslie Dixon ; directed and choreographed by Adam Shankman. |
| 250 ## - EDITION STATEMENT |
| Edition statement |
Deluxe ed. |
| 260 ## - PUBLICATION, DISTRIBUTION, ETC. (IMPRINT) |
| Place of publication, distribution, etc |
New York, NY : |
| Name of publisher, distributor, etc |
New Line Productions, Inc. : |
| -- |
Distributed by Warner Home Video, |
| Date of publication, distribution, etc |
[2009] |
| 264 ## - Production, Publication, Distribution, Manufacture, and Copyright Notice. |
| Place of production, publication, distribution, manufacture |
New York, NY : |
| Name of producer, publisher, distributor, manufacturer |
New Line Productions, Inc. : |
| Date of production, publication, distribution, manufacture, or copyr |
[2009] |
| 300 ## - PHYSICAL DESCRIPTION |
| Extent |
1 videodisc (117 min.) : |
| Other physical details |
sd., col. ; |
| Dimensions |
4 3/4 in. + |
| Accompanying material |
1 sound disc (digital ; 4 3/4 in.) |
| 336 ## - Content Type |
| Content type term |
dvd |
| 337 ## - Media type |
| Media type term |
dvd |
| 338 ## - Carrier type |
| Carrier type term |
dvd |
| 500 ## - GENERAL NOTE |
| General note |
Title from container. |
| 500 ## - GENERAL NOTE |
| General note |
Based on the 1988 screenplay "Hairspray" written by John Waters and the 2002 musical stage play "Hairspray" book by Mark O'Donnell, Thomas Meehan [with] music by Marc Shaiman [and] lyrics by Scott Wittman, Marc Shaiman. |
| 500 ## - GENERAL NOTE |
| General note |
Videodisc release of the 2007 motion picture. |
| 500 ## - GENERAL NOTE |
| General note |
Accompanied by a six song CD sampler. |
| 500 ## - GENERAL NOTE |
| General note |
Special features include: two commentaries; five featurettes: "Inside the recording booth" ; "It's Hairspray"; "Playing Tracy" ; Transform Travolta to Turnblad" ; "Search for Tracy." |
| 505 0# - FORMATTED CONTENTS NOTE |
| Formatted contents note |
CD. Good morning Baltimore -- You can't stop the beat -- Without love -- Run and tell that -- Mama I'm a big girl now -- Come so far (Got so far to go). |
| 508 ## - CREATION/PRODUCTION CREDITS NOTE |
| Creation/production credits note |
Director of photography, Bojan Bazelli ; edited by Michael Tronick ; music score by Marc Shaiman ; production designer, David Gropman ; costume designer, Rita Ryack. |
| 511 1# - PARTICIPANT OR PERFORMER NOTE |
| Participant or performer note |
John Travolta, Michelle Pfeiffer, Christopher Walken, Amanda Bynes, James Marsden, Queen Latifah, Brittany Snow, Zac Efron, Elijah Kelley, Allison Janney, Jerry Stiller, Paul Dooley, [introducing] Nikki Blonsky. |
| 520 ## - SUMMARY, ETC. |
| Summary, etc |
In 1962 Baltimore, all the kids watch the Corny Collins Show. Every day after school Tracy Turnblad, an overweight teenager with all the right moves, and her best friend Penny run home to watch and drool over teenage heartthrob Link Larkin. When one of the "Council Kids" goes on a leave of absence, Tracy auditions to be the replacement, is sent to detention for skipping school, and thereby meets Seaweed--who shows her how to really shake 'em down. Helped by Seaweed, Link, Penny, Motormouth Maybelle, and her parents, Tracy sets out to integrate the show ... without denting her 'do! |
| 521 8# - TARGET AUDIENCE NOTE |
| Target audience note |
MPAA rating: PG for language, some suggestive content and momentary teen smoking. |
| 538 ## - SYSTEM DETAILS NOTE |
| System details note |
DVD ; NTSC ; Dolby digital 5.1 surround ; widescreen ; dual layer format. |
| 546 ## - LANGUAGE NOTE |
| Language note |
In English with optional subtitles in English or Spanish; closed-captioned. |
| 586 8# - AWARDS NOTE |
| Awards note |
Winner Hollywood Film Award for Ensemble of the Year, Hollywood Film Festival 2007 |
| 650 #0 - SUBJECT ADDED ENTRY--TOPICAL TERM |
| Topical term or geographic name as entry element |
Dance |
| Geographic subdivision |
United States |
| Form subdivision |
Drama. |
| 9 (RLIN) |
5771282 |
| 650 #0 - SUBJECT ADDED ENTRY--TOPICAL TERM |
| Topical term or geographic name as entry element |
Overweight persons |
| Geographic subdivision |
United States |
| Form subdivision |
Drama. |
| 9 (RLIN) |
5771283 |
| 650 #0 - SUBJECT ADDED ENTRY--TOPICAL TERM |
| Topical term or geographic name as entry element |
High school students |
| General subdivision |
Conduct of life |
| Form subdivision |
Drama. |
| 9 (RLIN) |
5771284 |
| 650 #0 - SUBJECT ADDED ENTRY--TOPICAL TERM |
| Topical term or geographic name as entry element |
Teen television programs |
| Geographic subdivision |
United States |
| Form subdivision |
Drama. |
| 9 (RLIN) |
5771285 |
| 650 #0 - SUBJECT ADDED ENTRY--TOPICAL TERM |
| Topical term or geographic name as entry element |
Mass media and race relations |
| Geographic subdivision |
United States |
| Form subdivision |
Drama. |
| 9 (RLIN) |
5771286 |
| 650 #7 - SUBJECT ADDED ENTRY--TOPICAL TERM |
| Topical term or geographic name as entry element |
Danza |
| Geographic subdivision |
Estados Unidos |
| Form subdivision |
Teatro. |
| Source of heading or term |
bidex |
| 9 (RLIN) |
5771287 |
| 650 #7 - SUBJECT ADDED ENTRY--TOPICAL TERM |
| Topical term or geographic name as entry element |
Obesidad |
| Geographic subdivision |
Estados Unidos |
| Form subdivision |
Teatro. |
| Source of heading or term |
bidex |
| 9 (RLIN) |
5771288 |
| 650 #7 - SUBJECT ADDED ENTRY--TOPICAL TERM |
| Topical term or geographic name as entry element |
Estudiantes |
| Geographic subdivision |
Estados Unidos |
| Form subdivision |
Teatro. |
| Source of heading or term |
bidex |
| 9 (RLIN) |
5771289 |
| 650 #7 - SUBJECT ADDED ENTRY--TOPICAL TERM |
| Topical term or geographic name as entry element |
Juventud |
| General subdivision |
Conducta (Ética) |
| Form subdivision |
Teatro. |
| Source of heading or term |
bidex |
| 9 (RLIN) |
5718656 |
| 650 #7 - SUBJECT ADDED ENTRY--TOPICAL TERM |
| Topical term or geographic name as entry element |
Televisión |
| General subdivision |
Programas |
| Geographic subdivision |
Estados Unidos |
| Form subdivision |
Teatro. |
| Source of heading or term |
bidex |
| 9 (RLIN) |
5771290 |
| 650 #7 - SUBJECT ADDED ENTRY--TOPICAL TERM |
| Topical term or geographic name as entry element |
Medios de comunicación masiva |
| Geographic subdivision |
Estados Unidos |
| Form subdivision |
Teatro. |
| Source of heading or term |
bidex |
| 9 (RLIN) |
5771291 |
| 650 #7 - SUBJECT ADDED ENTRY--TOPICAL TERM |
| Topical term or geographic name as entry element |
Relaciones raciales |
| Geographic subdivision |
Estados Unidos |
| Form subdivision |
Teatro. |
| Source of heading or term |
bidex |
| 9 (RLIN) |
5771292 |
| 651 #0 - SUBJECT ADDED ENTRY--GEOGRAPHIC NAME |
| Geographic name |
Baltimore (Md.) |
| Form subdivision |
Drama. |
| 9 (RLIN) |
5771293 |
| 651 #7 - SUBJECT ADDED ENTRY--GEOGRAPHIC NAME |
| Geographic name |
Baltimore (Maryland) |
| Form subdivision |
Teatro. |
| Source of heading or term |
bidex |
| 9 (RLIN) |
5771294 |
| 655 #7 - INDEX TERM--GENRE/FORM |
| Genre/form data or focus term |
Feature films. |
| Source of term |
lcgft |
| 9 (RLIN) |
102699 |
| 655 #7 - INDEX TERM--GENRE/FORM |
| Genre/form data or focus term |
Musical films. |
| Source of term |
lcgft |
| 9 (RLIN) |
102735 |
| 655 #7 - INDEX TERM--GENRE/FORM |
| Genre/form data or focus term |
Comedy films. |
| Source of term |
lcgft |
| 9 (RLIN) |
102658 |
| 655 #7 - INDEX TERM--GENRE/FORM |
| Genre/form data or focus term |
Video recordings for the hearing impaired. |
| Source of term |
lcgft |
| 9 (RLIN) |
5771295 |
| 700 1# - ADDED ENTRY--PERSONAL NAME |
| Personal name |
Shankman, Adam. |
| 9 (RLIN) |
67096 |
| 700 1# - ADDED ENTRY--PERSONAL NAME |
| Personal name |
Meron, Neil, |
| Dates associated with a name |
ca. 1955- |
| 9 (RLIN) |
5771296 |
| 700 1# - ADDED ENTRY--PERSONAL NAME |
| Personal name |
Zadan, Craig. |
| 9 (RLIN) |
24604 |
| 700 1# - ADDED ENTRY--PERSONAL NAME |
| Personal name |
Dixon, Leslie. |
| 9 (RLIN) |
49893 |
| 700 1# - ADDED ENTRY--PERSONAL NAME |
| Personal name |
Shaiman, Marc. |
| 9 (RLIN) |
37275 |
| 700 1# - ADDED ENTRY--PERSONAL NAME |
| Personal name |
Wittman, Scott. |
| 9 (RLIN) |
68666 |
| 700 1# - ADDED ENTRY--PERSONAL NAME |
| Personal name |
Blonsky, Nikki, |
| Dates associated with a name |
1988- |
| 9 (RLIN) |
74185 |
| 700 1# - ADDED ENTRY--PERSONAL NAME |
| Personal name |
Travolta, John, |
| Dates associated with a name |
1954- |
| 9 (RLIN) |
20699 |
| 700 1# - ADDED ENTRY--PERSONAL NAME |
| Personal name |
Pfeiffer, Michelle, |
| Dates associated with a name |
1957- |
| 9 (RLIN) |
23739 |
| 700 1# - ADDED ENTRY--PERSONAL NAME |
| Personal name |
Walken, Christopher, |
| Dates associated with a name |
1943- |
| 9 (RLIN) |
31142 |
| 700 1# - ADDED ENTRY--PERSONAL NAME |
| Personal name |
Bynes, Amanda, |
| Dates associated with a name |
1986- |
| 9 (RLIN) |
68294 |
| 700 1# - ADDED ENTRY--PERSONAL NAME |
| Personal name |
Marsden, James, |
| Dates associated with a name |
1973- |
| 9 (RLIN) |
65636 |
| 700 0# - ADDED ENTRY--PERSONAL NAME |
| Personal name |
Queen Latifah, |
| Dates associated with a name |
1970- |
| 9 (RLIN) |
5771297 |
| 700 1# - ADDED ENTRY--PERSONAL NAME |
| Personal name |
Snow, Brittany, |
| Dates associated with a name |
1986- |
| 9 (RLIN) |
70976 |
| 700 1# - ADDED ENTRY--PERSONAL NAME |
| Personal name |
Efron, Zac. |
| 9 (RLIN) |
72963 |
| 700 1# - ADDED ENTRY--PERSONAL NAME |
| Personal name |
Kelley, Elijah. |
| 9 (RLIN) |
74186 |
| 700 1# - ADDED ENTRY--PERSONAL NAME |
| Personal name |
Janney, Allison. |
| 9 (RLIN) |
66527 |
| 700 1# - ADDED ENTRY--PERSONAL NAME |
| Personal name |
Stiller, Jerry. |
| 9 (RLIN) |
35784 |
| 700 1# - ADDED ENTRY--PERSONAL NAME |
| Personal name |
Dooley, Paul, |
| Dates associated with a name |
1928- |
| 9 (RLIN) |
62315 |
| 700 1# - ADDED ENTRY--PERSONAL NAME |
| Personal name |
Waters, John, |
| Dates associated with a name |
1946- |
| Title of a work |
Screenplays. |
| Form subheading |
Selections. |
| 9 (RLIN) |
55350 |
| 700 1# - ADDED ENTRY--PERSONAL NAME |
| Personal name |
O'Donnell, Mark, |
| Dates associated with a name |
1954- |
| Title of a work |
Hairspray. |
| 9 (RLIN) |
5771298 |
| 700 1# - ADDED ENTRY--PERSONAL NAME |
| Personal name |
Meehan, Thomas. |
| Title of a work |
Hairspray. |
| 9 (RLIN) |
5771299 |
| 710 2# - ADDED ENTRY--CORPORATE NAME |
| Corporate name or jurisdiction name as entry element |
New Line Cinema Corporation. |
| 9 (RLIN) |
4030 |
| 710 2# - ADDED ENTRY--CORPORATE NAME |
| Corporate name or jurisdiction name as entry element |
Ingenious Film Partners (Firm) |
| 9 (RLIN) |
74344 |
| 710 2# - ADDED ENTRY--CORPORATE NAME |
| Corporate name or jurisdiction name as entry element |
Zadan/Meron (Firm) |
| 9 (RLIN) |
75106 |
| 710 2# - ADDED ENTRY--CORPORATE NAME |
| Corporate name or jurisdiction name as entry element |
Offspring Entertainment. |
| 9 (RLIN) |
5771300 |
| 710 2# - ADDED ENTRY--CORPORATE NAME |
| Corporate name or jurisdiction name as entry element |
New Line Productions, Inc. |
| 9 (RLIN) |
61577 |
| 710 2# - ADDED ENTRY--CORPORATE NAME |
| Corporate name or jurisdiction name as entry element |
Warner Home Video (Firm) |
| 9 (RLIN) |
61103 |
| 942 ## - ADDED ENTRY ELEMENTS (KOHA) |
| Source of classification or shelving scheme |
Dewey Decimal Classification |
| Koha item type |
DVD |
| 948 ## - LOCAL PROCESSING INFORMATION (OCLC); SERIES PART DESIGNATOR (RLIN) |
| Series part designator, SPT (RLIN) |
BWR |
| b (OCLC) |
ADULT |
| p (OCLC) |
X103905311 |
| h (OCLC) |
F |
| f (OCLC) |
1 |
| r (OCLC) |
4 |
| g (OCLC) |
1 |
| 7 (OCLC) |
0 |
| u (OCLC) |
5 |
| w (OCLC) |
22 |
| s (OCLC) |
0 |
| o (OCLC) |
BWR |
| 0 (OCLC) |
4.49 |
| y (OCLC) |
99 |
| c (OCLC) |
23 |
| j (OCLC) |
Dewey Decimal |
| n (OCLC) |
On-Order |
| e (OCLC) |
274407-1 |
| 9 (OCLC) |
Tag retained from duplicate overlay Jun 1 2015 12:47PM |
| 948 ## - LOCAL PROCESSING INFORMATION (OCLC); SERIES PART DESIGNATOR (RLIN) |
| Series part designator, SPT (RLIN) |
BPW |
| b (OCLC) |
ADULT |
| p (OCLC) |
X105915136 |
| h (OCLC) |
F |
| f (OCLC) |
1 |
| r (OCLC) |
4 |
| g (OCLC) |
1 |
| 7 (OCLC) |
0 |
| u (OCLC) |
5 |
| w (OCLC) |
22 |
| s (OCLC) |
0 |
| o (OCLC) |
BPW |
| 0 (OCLC) |
5.99 |
| y (OCLC) |
99 |
| c (OCLC) |
23 |
| j (OCLC) |
Dewey Decimal |
| n (OCLC) |
On-Order |
| e (OCLC) |
406977-1 |
| 9 (OCLC) |
Tag retained from duplicate overlay Jun 1 2015 12:47PM |
| 948 ## - LOCAL PROCESSING INFORMATION (OCLC); SERIES PART DESIGNATOR (RLIN) |
| Series part designator, SPT (RLIN) |
BFP |
| b (OCLC) |
ADULT |
| p (OCLC) |
X112139258 |
| h (OCLC) |
F |
| f (OCLC) |
1 |
| r (OCLC) |
4 |
| g (OCLC) |
1 |
| 7 (OCLC) |
0 |
| u (OCLC) |
5 |
| w (OCLC) |
22 |
| s (OCLC) |
0 |
| o (OCLC) |
BFP |
| 0 (OCLC) |
5.99 |
| y (OCLC) |
99 |
| c (OCLC) |
23 |
| j (OCLC) |
Dewey Decimal |
| n (OCLC) |
On-Order |
| e (OCLC) |
902873-1 |
| 9 (OCLC) |
Item generated Jun 1 2015 12:47PM |
| 948 ## - LOCAL PROCESSING INFORMATION (OCLC); SERIES PART DESIGNATOR (RLIN) |
| Series part designator, SPT (RLIN) |
BSS |
| b (OCLC) |
ADULT |
| p (OCLC) |
X124261422 |
| h (OCLC) |
F |
| f (OCLC) |
1 |
| r (OCLC) |
4 |
| g (OCLC) |
1 |
| 7 (OCLC) |
0 |
| u (OCLC) |
5 |
| w (OCLC) |
22 |
| s (OCLC) |
0 |
| o (OCLC) |
BSS |
| 0 (OCLC) |
14.99 |
| y (OCLC) |
99 |
| c (OCLC) |
23 |
| j (OCLC) |
Dewey Decimal |
| n (OCLC) |
On-Order |
| e (OCLC) |
1415584-1 |
| 9 (OCLC) |
Item generated Jul 5 2018 10:35AM |
| 948 ## - LOCAL PROCESSING INFORMATION (OCLC); SERIES PART DESIGNATOR (RLIN) |
| Series part designator, SPT (RLIN) |
BPR |
| b (OCLC) |
ADULT |
| p (OCLC) |
X124261413 |
| h (OCLC) |
F |
| f (OCLC) |
1 |
| r (OCLC) |
4 |
| g (OCLC) |
1 |
| 7 (OCLC) |
0 |
| u (OCLC) |
5 |
| w (OCLC) |
22 |
| s (OCLC) |
0 |
| o (OCLC) |
BPR |
| 0 (OCLC) |
14.99 |
| y (OCLC) |
99 |
| c (OCLC) |
23 |
| j (OCLC) |
Dewey Decimal |
| n (OCLC) |
On-Order |
| e (OCLC) |
1415584-2 |
| 9 (OCLC) |
Item generated Jul 5 2018 10:35AM |
| 948 ## - LOCAL PROCESSING INFORMATION (OCLC); SERIES PART DESIGNATOR (RLIN) |
| Series part designator, SPT (RLIN) |
CFA |
| b (OCLC) |
ADULT |
| p (OCLC) |
X124261440 |
| h (OCLC) |
F |
| f (OCLC) |
1 |
| r (OCLC) |
4 |
| g (OCLC) |
1 |
| 7 (OCLC) |
0 |
| u (OCLC) |
5 |
| w (OCLC) |
22 |
| s (OCLC) |
0 |
| o (OCLC) |
CFA |
| 0 (OCLC) |
14.99 |
| y (OCLC) |
99 |
| c (OCLC) |
23 |
| j (OCLC) |
Dewey Decimal |
| n (OCLC) |
On-Order |
| e (OCLC) |
1415584-3 |
| 9 (OCLC) |
Item generated Jul 5 2018 10:35AM |
| 948 ## - LOCAL PROCESSING INFORMATION (OCLC); SERIES PART DESIGNATOR (RLIN) |
| Series part designator, SPT (RLIN) |
BTG |
| b (OCLC) |
ADULT |
| p (OCLC) |
X124261431 |
| h (OCLC) |
F |
| f (OCLC) |
1 |
| r (OCLC) |
4 |
| g (OCLC) |
1 |
| 7 (OCLC) |
0 |
| u (OCLC) |
5 |
| w (OCLC) |
22 |
| s (OCLC) |
0 |
| o (OCLC) |
BTG |
| 0 (OCLC) |
14.99 |
| y (OCLC) |
99 |
| c (OCLC) |
23 |
| j (OCLC) |
Dewey Decimal |
| n (OCLC) |
On-Order |
| e (OCLC) |
1415584-4 |
| 9 (OCLC) |
Item generated Jul 5 2018 10:35AM |